Click a Ty Quiz Stats

Quiz Updated Dec 3, 2014

Also try: Click A Bro
Challenge
Share
Tweet
Embed
Score 0/25 Timer 06:00
0 Plays Today
% Correct
Mike Tyson
88.1%
Typhoon
87.4%
Steven Tyler
86.5%
Tyra Banks
82.2%
John Tyler
80.9%
Typhoid Mary
77.3%
Tyrannus
74.2%
Bonnie Tyler
74%
Tyson Medal
73.6%
Tyrol
71.6%
Tyler Perry
71.3%
Tyler Durden
69%
Count Tyrone Rugen
60.5%
% Correct
Ty Burrell
60.3%
Tyne Daly
58%
Cicely Tyson
57.1%
Tyrone Shoelaces
55.7%
Ty Cobb
53.4%
Edward Tyson
47.5%
Rose Tyler
47.2%
Ty Detmer
46.1%
Tyrone Power
45%
Ty Murray
40.8%
Ty Warner
37.6%
Anne Tyler
34.8%

You're not logged in!

Compare scores with friends on all Sporcle quizzes.
Sign Up with Email
OR
Log In

You Might Also Like...

Show Comments

Extras

Top Quizzes Today


Score Distribution

Your Account Isn't Verified!

In order to create a playlist on Sporcle, you need to verify the email address you used during registration. Go to your Sporcle Settings to finish the process.